| 000 -CABECERA |
| Longitud fija campo de control |
00677nam a2200217 a 4500 |
| 001 - NÚMERO DE CONTROL |
| Número de control |
473 |
| 003 - IDENTIFICADOR DEL NÚMERO DE CONTROL |
| Identificador del número de control |
CDMR |
| 005 - FECHA Y HORA DE LA ÚLTIMA TRANSACCIÓN |
| Fecha y hora de la última transacción |
20131202165643.0 |
| 008 - CÓDIGOS DE INFORMACIÓN DE LONGITUD FIJA |
| Códigos de información de longitud fija |
130130s1982||||||||||||||||||||||||||||d |
| 020 ## - NÚMERO INTERNACIONAL NORMALIZADO PARA LIBROS |
| Número Internacional Normalizado para Libros (ISBN) |
8474423171 |
| 040 ## - FUENTE DE LA CATALOGACIÓN |
| Centro catalogador de origen |
CDMR |
| Lengua de catalogación |
cat |
| Centro transcriptor |
CDMR |
| 100 1# - PUNTO DE ACCESO PRINCIPAL-NOMBRE DE PERSONA |
| Nombre de persona |
Calvo Hernando, Manuel |
| 9 (RLIN) |
316 |
| 245 10 - MENCIÓN DE TÍTULO |
| Título |
Civilización tecnológica e información |
| Resto del título |
: el periodismo científico : misiones y objetivos |
| Mención de responsabilidad, etc. |
Manuel Calvo Hernandp |
| 260 ## - PUBLICACIÓN, DISTRIBUCIÓN, ETC. (PIE DE IMPRENTA) |
| Lugar de publicación, distribución, etc. |
Barcelona |
| Fecha de publicación, distribución, etc. |
1982 |
| Nombre del editor, distribuidor, etc. |
Mitre |
| 300 ## - DESCRIPCIÓN FÍSICA |
| Extensión |
163 p. |
| 650 04 - PUNTO DE ACCESO ADICIONAL DE MATERIA - TÉRMINO DE MATERIA |
| 9 (RLIN) |
3156 |
| Término de materia o nombre geográfico como elemento inicial |
Societat de la informació |
| 650 04 - PUNTO DE ACCESO ADICIONAL DE MATERIA - TÉRMINO DE MATERIA |
| 9 (RLIN) |
2804 |
| Término de materia o nombre geográfico como elemento inicial |
Periodisme científic |
| 650 04 - PUNTO DE ACCESO ADICIONAL DE MATERIA - TÉRMINO DE MATERIA |
| 9 (RLIN) |
4259 |
| Término de materia o nombre geográfico como elemento inicial |
Divulgació científica |
| 650 04 - PUNTO DE ACCESO ADICIONAL DE MATERIA - TÉRMINO DE MATERIA |
| 9 (RLIN) |
4423 |
| Término de materia o nombre geográfico como elemento inicial |
Tecnologia i civilització |
| 942 ## - ENTRADA DE ELEMENTOS AGREGADOS (KOHA) |
| Koha [por defecto] tipo de item |
Monografies |
| Fuente de clasificaión o esquema |
|